| 000 | 00973nas a2200337 4500 | ||
|---|---|---|---|
| 001 | BR2018002372 | ||
| 003 | BR-BrBNA | ||
| 005 | 20231205131455.0 | ||
| 007 | ta | ||
| 008 | 230509b bl.|||p| |||| 00| 00por d | ||
| 040 |
_aBR-BrBNA _bpor _cBiblioteca Nacional de Agricultura |
||
| 041 | _a(En) | ||
| 072 | _aL02 | ||
| 100 | 1 | _aGonçalves, L.M.P. | |
| 100 | 1 | _aKiefer, C. | |
| 100 | 1 | _aSilva, C.M. | |
| 100 | 1 | _aLeal, C.R.B. | |
| 100 | 1 | _aAlencar, S.A. da S. | |
| 100 | 1 | _aCarvalho, K.C.N. | |
| 100 | 1 | _aRufino, L.M. | |
| 245 | 1 | _aPropolis extract in the diet of weaned piglets | |
| 650 | _aLEITÃO | ||
| 650 | _aDIETA | ||
| 650 | _aPRÓPOLIS | ||
| 650 | _aEXTRATO VEGETAL | ||
| 650 | _aPERFORMANCE | ||
| 773 | 0 |
_tCiência Rural (Brazil) _xISSN 1678-4596 _g(2018), v. 48(1) p. 1-7 _wBR2018002372 |
|
| 856 | 4 | 0 | _uhttp://www.scielo.br/pdf/cr/v48n1/1678-4596-cr-47-12-e20161056.pdf |
| 909 |
_a202311 _bLúcia _c55 _dLúcia Elande |
||
| 942 |
_2AGRIS _n0 _cANA |
||
| 999 |
_c255024 _d255024 |
||